[Event "ESP-ch U18 Rapid"]
[Site "Salobrena"]
[Date "2022.08.07"]
[Round "7"]
[White "De Pedro Cuadrado, Marcos"]
[Black "Garcia Molina, Jose"]
[Result "1-0"]
[WhiteElo "1788"]
[BlackElo "1641"]
[PlyCount "101"]
[EventDate "2022.08.06"]
[EventType "swiss (rapid)"]
[EventRounds "9"]
[EventCountry "ESP"]
[SourceTitle "EXT 2023"]
[Source "ChessBase"]
[SourceDate "2022.10.05"]
[SourceVersion "1"]
[SourceVersionDate "2022.10.05"]
[SourceQuality "1"]

1. e4 c5 2. Nf3 d6 3. d4 cxd4 4. Nxd4 Nf6 5. Nc3 a6 6. Rg1 h5 7. Bg5 b5 8. a3 Bb7 9. Bd3 e6 10. Qd2 Be7 11. 0-0-0 Nbd7 12. f4 Qc7 13. Kb1 Nc5 14. Rge1 0-0-0 15. f5 Qb6 16. Nb3 Nxb3 17. cxb3 Kb8 18. Be3 Qa5 19. b4 Qc7 20. fxe6 fxe6 21. Rc1 Qd7 22. h3 Rc8 23. Bg1 Rhd8 24. Qe3 Bc6 25. Ne2 e5 26. Nc3 Nh7 27. Rc2 Nf8 28. Nd5 Qb7 29. Rec1 Bxd5 30. exd5 Rxc2 31. Rxc2 Rd7 32. Rc6 Bd8 33. Bf5 Bc7 34. Bxd7 Nxd7 35. Qg5 Nf6 36. Qxg7 Bd8 37. Qh8 Qd7 38. Bb6 Ne8 39. Qxh5 Bxb6 40. Rxb6+ Ka7 41. Rc6 Kb7 42. Rc1 Nf6 43. Qf3 Qg7 44. Rf1 Nd7 45. Qf7 Qxf7 46. Rxf7 Kc8 47. h4 Nb6 48. h5 Nxd5 49. h6 Nf4 50. h7 Ng6 51. Rg7 1-0

[Event "ESP-ch U16"]
[Site "Salobrena"]
[Date "2020.08.10"]
[Round "2"]
[White "Galvan Cipriani, Viviana"]
[Black "De Pedro Cuadrado, Marcos"]
[Result "1-0"]
[WhiteElo "2104"]
[BlackElo "1703"]
[PlyCount "55"]
[EventDate "2020.08.10"]
[EventType "swiss"]
[EventRounds "9"]
[EventCountry "ESP"]
[SourceTitle "EXT 2021"]
[Source "ChessBase"]
[SourceDate "2020.10.23"]
[SourceVersion "1"]
[SourceVersionDate "2020.10.23"]
[SourceQuality "1"]

1. c4 Nc6 2. Nc3 e5 3. g3 f5 4. Bg2 Nf6 5. d3 Bb4 6. Bd2 0-0 7. a3 Bxc3 8. Bxc3 d5 9. cxd5 Nxd5 10. Qb3 Be6 11. Qa4 Qd6 12. Nf3 b5 13. Qh4 Rf6 14. Qg5 Nxc3 15. bxc3 f4 16. Nd2 Bd5 17. Be4 Qc5 18. d4 Qxc3 19. Bxd5+ Kh8 20. Rd1 Nxd4 21. 0-0 Nxe2+ 22. Kg2 fxg3 23. hxg3 Raf8 24. Qg4 Qd4 25. Ne4 Nf4+ 26. gxf4 Qb6 27. Nxf6 gxf6 28. Rh1 1-0